Nationalité de ces personnes célèbres ? - Statistiques

Statistiques générales
  • Ce quiz a été pris 282 fois
  • Le résultat moyen est 12 sur 15
Statistiques - réponses
Personne Célèbre Nationalité (Attention au genre M/F) % Correct
Louis-Napoléon Bonaparte Français
100%
Mao Zedong Chinois
95%
Gandhi Indien
93%
Nikita Kroutchev Russe
93%
Karl Marx Allemand
92%
Wolfgang Amadeus Mozart Autrichien
90%
Isaac Newton Britannique
89%
Edgar Allan Poe Américain
88%
Pablo Escobar Colombien
84%
Sergio Leone Italien
80%
Nelson Mandela Sud-Africain
79%
Rembrandt Hollandais / Néerlandais
76%
Che Guevara Argentin
69%
Marie Curie Polonaise
67%
Nikola Tesla Serbe (Naturalisé Américain)
29%
Aucun quiz correspondant
Distribution des résultats
% des personnes avec chaque résultat
Percentile par nombre de réponses
Votre historique - résultats
Vous n’avez pas pris ce quiz